000 00260nam a22001217a 4500
008 260326b ||||| |||| 00| 0 eng d
041 _aShqip
080 _a1.01
100 _a22
101 _amenaxh
245 _aManagement
_cBerim Ramosaj
942 _2udc
_cBK
999 _c60938
_d60938